[Event "EU-ch U12 30th"]
[Site "Antalya"]
[Date "2022.11.11"]
[Round "6"]
[White "Gales, Randi Ioan"]
[Black "Kara, Goktan Can"]
[Result "1/2-1/2"]
[WhiteElo "1901"]
[BlackElo "1581"]
[PlyCount "65"]
[EventDate "2022.11.06"]
[EventType "swiss"]
[EventRounds "9"]
[EventCountry "TUR"]
[SourceTitle "EXT 2024"]
[Source "ChessBase"]
[SourceDate "2023.10.10"]
[SourceVersion "1"]
[SourceVersionDate "2023.10.10"]
[SourceQuality "1"]

1. d4 d5 2. c4 c6 3. Nf3 Nf6 4. e3 Bg4 5. h3 Bxf3 6. Qxf3 e6 7. Nc3 Nbd7 8. Bd3 Bb4 9. Bd2 0-0 10. a3 Ba5 11. b4 Bc7 12. 0-0 dxc4 13. Bxc4 e5 14. Rfd1 exd4 15. exd4 Nb6 16. Bb3 Qxd4 17. g3 Qe5 18. Kg2 Qh5 19. Qxh5 Nxh5 20. Ne4 Be5 21. Rac1 Nf6 22. Nc5 Rab8 23. Nd3 Bd6 24. Be3 Rfd8 25. a4 Nc8 26. b5 cxb5 27. axb5 a6 28. Ne5 Rf8 29. Nxf7 Rxf7 30. bxa6 bxa6 31. Rxc8+ Rxc8 32. Rxd6 Ra8 33. Rb6 1/2-1/2

[Event "EU-ch U12 30th"]
[Site "Antalya"]
[Date "2022.11.07"]
[Round "2"]
[White "Yonal, Timur"]
[Black "Kara, Goktan Can"]
[Result "0-1"]
[WhiteElo "1894"]
[BlackElo "1581"]
[PlyCount "72"]
[EventDate "2022.11.06"]
[EventType "swiss"]
[EventRounds "9"]
[EventCountry "TUR"]
[SourceTitle "EXT 2024"]
[Source "ChessBase"]
[SourceDate "2023.10.10"]
[SourceVersion "1"]
[SourceVersionDate "2023.10.10"]
[SourceQuality "1"]

1. e4 c5 2. Nf3 d6 3. Bb5+ Nc6 4. d4 cxd4 5. Qxd4 Bd7 6. Bxc6 Bxc6 7. Nc3 Nf6 8. Bg5 e6 9. 0-0-0 Be7 10. Rhe1 0-0 11. Qd2 h6 12. Bh4 Nxe4 13. Rxe4 Bxh4 14. Ree1 Bxf3 15. gxf3 d5 16. Rg1 Kh8 17. Kb1 b5 18. Nxb5 Rb8 19. Nd4 Qb6 20. c3 Bg5 21. Qc2 Rfc8 22. Rg4 Bf6 23. Rdg1 h5 24. Rf4 e5 25. Rxf6 Qxf6 26. Nb3 d4 27. c4 Qxf3 28. c5 a5 29. Nxa5 d3 30. Qd2 Rxc5 31. Nb3 Rcb5 32. h4 e4 33. Qc3 Qf6 34. Qxf6 gxf6 35. Re1 Rd8 36. Rxe4 Rbd5 0-1

[Event "TUR-chT 1st League"]
[Site "Konya"]
[Date "2022.08.25"]
[Round "5.10"]
[White "Tirak, Mert"]
[Black "Kara, Goktan Can"]
[Result "1/2-1/2"]
[WhiteElo "1885"]
[BlackElo "1540"]
[PlyCount "26"]
[EventDate "2022.08.22"]
[EventType "team-swiss"]
[EventRounds "9"]
[EventCountry "TUR"]
[SourceTitle "CBM 209 Extra"]
[Source "ChessBase"]
[SourceDate "2022.09.30"]
[SourceVersion "1"]
[SourceVersionDate "2022.09.30"]
[SourceQuality "1"]
[WhiteTeam "Bogazici Universitesi"]
[BlackTeam "Salihli Sardes"]
[WhiteTeamCountry "TUR"]
[BlackTeamCountry "TUR"]

1. e4 e5 2. Nf3 Nc6 3. d4 exd4 4. Nxd4 Nf6 5. Nxc6 bxc6 6. e5 Qe7 7. Qe2 Nd5 8. c4 Ba6 9. b3 g6 10. Qe4 Nf6 11. Qe2 Nd5 12. Qe4 Nf6 13. Qe2 Nd5 1/2-1/2

[Event "TUR-chT 1st League"]
[Site "Konya"]
[Date "2022.08.22"]
[Round "1.10"]
[White "Duman, Aydin"]
[Black "Kara, Goktan Can"]
[Result "1-0"]
[WhiteElo "2084"]
[BlackElo "1540"]
[PlyCount "103"]
[EventDate "2022.08.22"]
[EventType "team-swiss"]
[EventRounds "9"]
[EventCountry "TUR"]
[SourceTitle "CBM 209 Extra"]
[Source "ChessBase"]
[SourceDate "2022.09.30"]
[SourceVersion "1"]
[SourceVersionDate "2022.09.30"]
[SourceQuality "1"]
[WhiteTeam "Ankara Dernegi"]
[BlackTeam "Salihli Sardes"]
[WhiteTeamCountry "TUR"]
[BlackTeamCountry "TUR"]

1. e4 e5 2. Nf3 Nc6 3. Bc4 Bc5 4. c3 Nf6 5. d3 d6 6. a4 a5 7. h3 h6 8. Nbd2 Bb6 9. Nf1 Ne7 10. Ng3 Be6 11. Bxe6 fxe6 12. Qb3 Qd7 13. 0-0 Ng6 14. d4 exd4 15. Nxd4 0-0 16. Nxe6 Qf7 17. Nd4 Qxb3 18. Nxb3 Rae8 19. Nd2 Ne5 20. Kh1 Nd3 21. f3 Be3 22. Nf5 Bf4 23. Nb3 Bxc1 24. Nxc1 Nxb2 25. Ne3 Nh5 26. Kg1 Nf4 27. Ra2 Nbd3 28. Nb3 b6 29. Rd2 Ne5 30. Nd4 Ne6 31. Nxe6 Rxe6 32. Nd5 Rc8 33. Rb1 Nd7 34. c4 Nc5 35. Ra2 Kf7 36. Kf2 Ke8 37. Ke3 Kd7 38. Nf4 Re7 39. Nd3 Nxd3 40. Kxd3 g5 41. Rb5 Re5 42. Kd4 Rce8 43. Rab2 Kc6 44. Rd5 Kb7 45. Rxe5 Rxe5 46. g3 c6 47. Rg2 b5 48. f4 Rc5 49. cxb5 cxb5 50. axb5 Rxb5 51. Rc2 Rb3 52. f5 1-0